| 000 -LEADER |
| fixed length control field |
00952cam a2200229Ia 4500 |
| 040 ## - CATALOGING SOURCE |
| Transcribing agency |
CaPaEBR |
| 082 ## - DEWEY DECIMAL CLASSIFICATION NUMBER |
| Classification number |
382 WOR 2009 A069 Or. |
| 245 00 - TITLE STATEMENT |
| Title |
Trade preference erosion |
| Remainder of title |
measurement and policy response / |
| 260 ## - PUBLICATION, DISTRIBUTION, ETC. (IMPRINT) |
| Place of publication |
Basingstoke [England] ; |
| -- |
New York : |
| Name of publisher |
Palgrave Macmillan ; |
| Place of publication |
Washington, DC : |
| Name of publisher |
World Bank, |
| Year of publication |
c2009. |
| 300 ## - PHYSICAL DESCRIPTION |
| Number of Pages |
xvi, 466 p. : |
| Other physical details |
ill. |
| 500 ## - GENERAL NOTE |
| General note |
"Most ... chapters were originally presented at the international symposium, "Preference erosion: impacts and policy responses," in Geneva, June 13-14, 2005... organized by the World Bank in cooperation with the OECD and the WTO"--P. xi. |
| 650 #0 - SUBJECT ADDED ENTRY--TOPICAL TERM |
| Topical Term |
Tariff preferences |
| 650 #0 - SUBJECT ADDED ENTRY--TOPICAL TERM |
| Topical Term |
Free trade |
| 650 #0 - SUBJECT ADDED ENTRY--TOPICAL TERM |
| Topical Term |
Commercial policy |
| 650 #0 - SUBJECT ADDED ENTRY--TOPICAL TERM |
| Topical Term |
International trade |
| 700 1# - ADDED ENTRY--PERSONAL NAME |
| Personal name |
Hoekman, Bernard M., |
| 700 1# - ADDED ENTRY--PERSONAL NAME |
| Personal name |
Martin, Will, |
| 700 1# - ADDED ENTRY--PERSONAL NAME |
| Personal name |
Braga, Carlos Alberto Primo, |
| 710 2# - ADDED ENTRY--CORPORATE NAME |
| Corporate name or jurisdiction name as entry element |
ebrary, Inc. |
| 856 40 - ELECTRONIC LOCATION AND ACCESS |
| Uniform Resource Identifier |
http://site.ebrary.com/lib/yale/Doc?id=10292339 |
| 942 ## - ADDED ENTRY ELEMENTS (KOHA) |
| Koha item type |
សៀវភៅភាសាអង់គ្លេស |
| 952 ## - LOCATION AND ITEM INFORMATION (KOHA) |
| Withdrawn status [LOCAL, KOHA] |
0 |